| 000 | 00535nam a2200205Ia 4500 | ||
|---|---|---|---|
| 008 | 170918s9999 xx 000 0 und d | ||
| 020 | _a9780061704161 | ||
| 050 | _bS129ma 2008 | ||
| 100 | _aSage, Angie | ||
| 245 | 4 | _aThe magykal papers / | |
| 245 | _cby Angie Sage ; illustrations by Mark Zug. | ||
| 250 | _aFirst edition | ||
| 260 | _aNew York : | ||
| 260 | _bKatherine Tegen Books, | ||
| 260 | _c2008 | ||
| 300 | _a167 pages : | ||
| 300 | _bsome colored illustrations ; | ||
| 300 | _c23cm. | ||
| 300 | _eSeptimus heap. | ||
| 999 |
_c343737 _d343737 |
||